| 000 | 00784nam a2200205 i 4500 | ||
|---|---|---|---|
| 001 | 186867 | ||
| 003 | ES-MaACL | ||
| 005 | 20250927163933.0 | ||
| 008 | 170223s1933 sp |||| | spa d | ||
| 100 | 1 |
_aMarichalar, Antonio, _d1893-1973 _976704 |
|
| 245 | 1 | 0 |
_aRiesgo y ventura del Duque de Osuna _b: (Ensayo biográfico) / _cpor Antonio Marichalar. |
| 250 | _a2ª ed. aum. | ||
| 260 |
_aMadrid : _bEspasa-Calpe, _c1933. |
||
| 300 |
_a278 p,,[4] p. de lám. ; _c18 cm. |
||
| 490 | 1 |
_aVidas españolas e hispanoamericanas del Siglo XIX ; _v5 |
|
| 600 | 1 | 7 |
_aOsuna, Mariano Téllez-Girón y Beaufort, _cDuque de, _d1814-1882 _2 _9130737 |
| 830 | 0 | 0 |
_aVidas españolas e hispanoamericanas del siglo XIX _v5 _9192640 |
| 852 |
_aES-MaACL _jC-23218 |
||
| 999 |
_c186867 _d186867 |
||